00654nam a2200181 i 450000100060000000300090000600500170001500700030003200800410003508000310007610000310010724501410013826000720027930000210035160000280037261000480040085200240044898620ES-MaACL20240312062540.0t|051017s1916 sp |||| |dspa d a929 López de Hoyos, Juan1 aPérez- Mínguez, Fidel.13aEl maestro López de Hoyos b: conferencia leída en el Ateneo de Madrid el día 27 de abril de 1916 / cpor Fidel Pérez Mínguez. aMadrid : b[s.n.], c1916 (fImp. de los Hijos de M.G. Hernández) a34 p. ; c24 cm.14aLópez de Hoyos, Juan.24aAteneo de Madrid-vConferencias-y1900-1939 aES-MaACLj2197-F-18